000 01606cam a2200385 a 4500
001 EDZ0000116383
003 StDuBDS
005 20161031105127.0
006 m||||||||d||||||||
007 cr |||||||||||
008 130111s2004 enka fo| 000|0|eng d
020 _a9781446261644 (ebook) :
_cNo price
040 _aStDuBDS
_beng
_cStDuBDS
_epn
049 _aAlfaisal Main Library
050 0 _aHG173
_b.F51437 2004
082 0 4 _a332
_223
245 0 0 _aFinancial markets
_h[electronic resource] /
_cedited by Jeff Madura.
260 _aLondon :
_bSAGE,
_c2004.
300 _a1 online resource (4 v. (various pagings)) :
_bill.
490 1 _aSAGE library in business and management
505 0 _av. 1. Financial markets and institutions -- v. 2. Equity markets -- v. 3. Credit markets -- v. 4. Derivative and foreign exchange markets.
520 8 _aBringing together key research articles that offer insights into financial market topics, this text focuses on empirical research that highlights the relationships and tendencies that dictate market dynamics.
521 _aSpecialized.
588 _aDescription based on print version record.
504 _aIncludes bibliographical references.
650 0 _aFinancial institutions.
650 0 _aCapital market.
655 7 _aElectronic books.
_2local
700 1 _aMadura, Jeff.
710 2 _aSage eBooks
776 0 8 _iPrint version :
_z9781412902519
830 0 _aSAGE library in business and management.
856 4 0 _uhttp://ezproxy.alfaisal.edu/login?url=http://sk.sagepub.com/navigator/financial-markets
942 _2lcc
_cEBOOKS
999 _c479889
_d479889